Vetus Testamentus (Record no. 33463)

MARC details
000 -LEADER
campo de control de longitud fija 00771nam a2200217 i 4500
001 - NÚMERO DE CONTROL
campo de control 33463
003 - IDENTIFICADOR DE NÚMERO DE CONTROL
campo de control ES-MaACL
005 - FECHA Y HORA DE LA ÚLTIMA TRANSACCIÓN
campo de control 20230906154748.0
007 - CAMPO FIJO DE DESCRIPCIÓN FÍSICA--INFORMACIÓN GENERAL
campo de control de longitud fija t|
008 - DATOS DE LONGITUD FIJA--INFORMACIÓN GENERAL
campo de control de longitud fija 030202s1947 sp ||||1| lat d
130 0# - ENTRADA PRINCIPAL--TÍTULO UNIFORME
Título uniforme Biblia.
Nombre de parte o sección de la obra A.T.
Lenguaje de la obra Latín.
9 (RLIN) 119267
245 10 - MENCIÓN DEL TÍTULO
Título Vetus Testamentus
Resto del título : liber primus de Sacra Veteris Testamenti historia /
Mención de responsabilidad, etc. autore José Prado.
250 ## - MENCION DE EDICION
Mención de edición 5 ed.(1ª hispanica) retradata.
260 ## - PUBLICACIÓN, DISTRIBUCIÓN, ETC.
Lugar de publicación, distribución, etc. Madrid :
Nombre del editor, distribuidor, etc. Perpetuo Socorro,
Fecha de publicación, distribución, etc. 1947 (
Fabricante Sucs. de Rivadeneyra)
300 ## - DESCRIPCIÓN FÍSICA
Extensión XXXII, 655 p. ;
Dimensiones 23 cm.
490 1# - MENCIÓN DE SERIE
Mención de serie Praelectionum Bliblicarum Compendium Simón Prado ;
Designación de volumen o secuencia 2
700 1# - ENTRADA AGREGADA--NOMBRE PERSONAL
Nombre de persona Prado, José.
9 (RLIN) 93611
830 0# - PUNTO DE ACCESO ADICIONAL DE SERIE-TÍTULO UNIFORME
Título uniforme Praelectionum Bliblicarum Compendium Simón Prado ;
Designación de volumen o secuencia 2
9 (RLIN) 229457
852 ## - LOCALIZACIÓN
Ubicación ES-MaACL
Número de control de estantería C-4217
Holdings
Estatus retirado Estado de pérdida Estado de daño No para préstamo Biblioteca de origen Biblioteca actual Ubicación en estantería Fecha de adquisición Fuente de adquisición Total de préstamos Signatura topográfica completa Código de barras Visto por última vez Precio de reemplazo Tipo de ítem Koha
        Biblioteca del Ateneo de Madrid Biblioteca del Ateneo de Madrid Sala Palomar 17/01/2008     C-4217 1034815 23/02/2023 23/02/2023 Libro impreso